000 00518nam a22001697a 4500
999 _c41298
_d41298
003 OSt
005 20210415113851.0
008 210415b ||||| |||| 00| 0 eng d
020 _a9788182718236
040 _coclc
082 _a200
_bSHA/O
100 _98591
_aShakthibodhi, Swami Viswabadrananda
245 _aOru Hindu Sanyasi Quran Vayikunnu/
_cSwami Viswabhadrananda Shakthibodhi
260 _aKozhikode:
_bIPH,
_c2018.
300 _a104 pages
942 _2ddc
_cBK
_h200
_iSHA/O
_k200
_mSHA/O